« Retourner aux résultats de recherche
Atlas des pays arabes
un monde en effervescence
| Auteur principal: | Mathieu Guidère |
|---|---|
| D'autres auteurs: | Lynne Franjié Claire Levasseur |
| Support: | Livres |
| Langue: | Francais |
| Genre: |
Documentaire |
| Sujets: | |
| Étiquettes: |
Ajouter
Pas de Tags !
|
| LEADER | 00911nam0a2200229 450 | ||
|---|---|---|---|
| 001 | 16848327 | ||
| 010 | |a 978-2-7467-4236-9 |b br. |d 19,9 | ||
| 100 | |a 20151009d2015 u u0frey01 ba | ||
| 101 | 0 | |a fre | |
| 102 | |a FR | ||
| 200 | 0 | |a Atlas des pays arabes |e un monde en effervescence |f Mathieu Guidère |g avec la collaboration de Lynne Franjié - cartographie Claire Levasseur | |
| 205 | |a 3e édition | ||
| 207 | 1 | |a | |
| 215 | |a 1 vol. (95 p.) |c illustrations en couleur, cartes |d 26 x 18 cm | ||
| 300 | |a Bibliogr. Index | ||
| 330 | |a Synthèse de la situation politique, économique, sociale et culturelle des 22 pays de la Ligue arabe. | ||
| 700 | 0 | |a Guidère |b Mathieu |4 70 | |
| 702 | 0 | |a Franjié |b Lynne |4 205 | |
| 702 | 0 | |a Levasseur |b Claire |4 180 | |
| 900 | |a Documentaire | ||
| 901 | |a Accessible au prêt | ||
| 995 | |a Bibliothèque |c Bibliothèque |f 00156008123929 |h 00156008123929 |k 956 GUI |o p |q a |r az |e Bibliothèque | ||
